| 000 | 01122nam a2200277Ia 4500 | ||
|---|---|---|---|
| 003 | OSt | ||
| 005 | 20221005110052.0 | ||
| 006 | a|||||r|||| 00| 0 | ||
| 007 | ta | ||
| 008 | 221004b |||||||| |||| 00| 0 hin d | ||
| 020 |
_a8126018208 (pbk) _c300 |
||
| 024 | _a93219 | ||
| 037 |
_b493, 19/03/2009, Vani Prakashan _cTextual |
||
| 040 |
_aCRL _cCRL _bhin |
||
| 041 |
_2hin _ahin |
||
| 082 | _aO1517,1NJEx, 152P3 | ||
| 100 | _aजीवकान्त | ||
| 245 | 0 | _aनिशान्त की चिड़िया | |
| 246 | _aNishānta kī chiड़iyā | ||
| 260 |
_aनई दिल्ली _bसाहित्य अकादेमी भारत _c2003 |
||
| 300 |
_a103पृ0 _ccm. |
||
| 490 | _aसाहित्य अकादेमी द्वारा पुरस्कृत मैथिली काव्य संग्रह | ||
| 700 |
_a नारायण जी, अनु. _9624051 |
||
| 942 |
_hO1517,1NJEx, 152P3 _cTEXL _2cc |
||
| 999 |
_c1017689 _d1017689 |
||